<?xml version="1.0" encoding="UTF-8"?>
<record
    xmlns:xsi="http://www.w3.org/2001/XMLSchema-instance"
    xsi:schemaLocation="http://www.loc.gov/MARC21/slim http://www.loc.gov/standards/marcxml/schema/MARC21slim.xsd"
    xmlns="http://www.loc.gov/MARC21/slim">

  <leader>00961nam a2200277 a 4500</leader>
  <controlfield tag="005">20241128134341.0</controlfield>
  <controlfield tag="008">100708t2021    sp a   f |||| 001 0 spa d</controlfield>
  <datafield tag="020" ind1=" " ind2=" ">
    <subfield code="a">9788491138082</subfield>
  </datafield>
  <datafield tag="041" ind1=" " ind2=" ">
    <subfield code="a">spa</subfield>
  </datafield>
  <datafield tag="092" ind1=" " ind2=" ">
    <subfield code="c">616.01</subfield>
    <subfield code="l">54</subfield>
    <subfield code="s">MUR</subfield>
  </datafield>
  <datafield tag="100" ind1="1" ind2=" ">
    <subfield code="a">Murray, Patrick R.</subfield>
    <subfield code="9">717</subfield>
  </datafield>
  <datafield tag="245" ind1=" " ind2=" ">
    <subfield code="a">Microbiolog&#xED;a M&#xE9;dica /</subfield>
    <subfield code="c">Patrick R. Murray.</subfield>
  </datafield>
  <datafield tag="250" ind1=" " ind2=" ">
    <subfield code="a">9a ed. </subfield>
    <subfield code="b">Revisi&#xF3;n cient&#xED;fica Alberto Delgado-Iribarren Garc&#xED;a-Campos</subfield>
  </datafield>
  <datafield tag="260" ind1=" " ind2=" ">
    <subfield code="a">Barcelona: </subfield>
    <subfield code="b">Elsevier;</subfield>
    <subfield code="c">2021.</subfield>
  </datafield>
  <datafield tag="300" ind1=" " ind2=" ">
    <subfield code="a">854 p.</subfield>
    <subfield code="b">il.</subfield>
  </datafield>
  <datafield tag="500" ind1=" " ind2=" ">
    <subfield code="a">Murray, P. R., Rosenthal, K. S. y Pfaller, M. A. (2021). Microbiolog&#xED;a M&#xE9;dica. (9a ed.). Barcelona : Elsevier.</subfield>
  </datafield>
  <datafield tag="653" ind1=" " ind2=" ">
    <subfield code="a">Principios generales del diagn&#xF3;stico de laboratorio</subfield>
  </datafield>
  <datafield tag="653" ind1=" " ind2=" ">
    <subfield code="a">Conceptos b&#xE1;sicos de la respuesta inmunitaria</subfield>
  </datafield>
  <datafield tag="653" ind1=" " ind2=" ">
    <subfield code="a">Bacteriolog&#xED;a</subfield>
  </datafield>
  <datafield tag="653" ind1=" " ind2=" ">
    <subfield code="a">Virolog&#xED;a</subfield>
  </datafield>
  <datafield tag="653" ind1=" " ind2=" ">
    <subfield code="a">Micolog&#xED;a</subfield>
  </datafield>
  <datafield tag="653" ind1=" " ind2=" ">
    <subfield code="a">Parasitolog&#xED;a</subfield>
  </datafield>
  <datafield tag="700" ind1="1" ind2=" ">
    <subfield code="a">Rosenthal, Ken S.</subfield>
    <subfield code="9">718</subfield>
  </datafield>
  <datafield tag="700" ind1="1" ind2=" ">
    <subfield code="a">Pfaller, Michael A.</subfield>
    <subfield code="9">719</subfield>
  </datafield>
  <datafield tag="942" ind1=" " ind2=" ">
    <subfield code="2">ddc</subfield>
    <subfield code="c">BK</subfield>
  </datafield>
  <datafield tag="999" ind1=" " ind2=" ">
    <subfield code="c">3218</subfield>
    <subfield code="d">3218</subfield>
  </datafield>
  <datafield tag="952" ind1=" " ind2=" ">
    <subfield code="0">0</subfield>
    <subfield code="1">0</subfield>
    <subfield code="2">ddc</subfield>
    <subfield code="4">0</subfield>
    <subfield code="7">0</subfield>
    <subfield code="a">BFM</subfield>
    <subfield code="b">BFM</subfield>
    <subfield code="c">CR</subfield>
    <subfield code="d">2024-11-28</subfield>
    <subfield code="e">Compra FaCiMed Noviembre 2024</subfield>
    <subfield code="g">83699.00</subfield>
    <subfield code="l">23</subfield>
    <subfield code="m">5</subfield>
    <subfield code="o">616.01 54 MUR</subfield>
    <subfield code="p">4949</subfield>
    <subfield code="r">2026-05-19</subfield>
    <subfield code="s">2026-05-12</subfield>
    <subfield code="t">Ej.21</subfield>
    <subfield code="w">2024-11-28</subfield>
    <subfield code="y">BK</subfield>
    <subfield code="z">Compra FaCiMed Noviembre 2024. Sede Tordos.</subfield>
    <subfield code="f"></subfield>
  </datafield>
  <datafield tag="952" ind1=" " ind2=" ">
    <subfield code="0">0</subfield>
    <subfield code="1">0</subfield>
    <subfield code="2">ddc</subfield>
    <subfield code="4">0</subfield>
    <subfield code="7">0</subfield>
    <subfield code="a">BFM</subfield>
    <subfield code="b">BFM</subfield>
    <subfield code="c">CR</subfield>
    <subfield code="d">2024-11-28</subfield>
    <subfield code="e">Compra FaCiMed Noviembre 2024</subfield>
    <subfield code="g">83699.00</subfield>
    <subfield code="l">24</subfield>
    <subfield code="m">3</subfield>
    <subfield code="o">616.01 54 MUR</subfield>
    <subfield code="p">4950</subfield>
    <subfield code="r">2026-06-01</subfield>
    <subfield code="s">2026-05-22</subfield>
    <subfield code="t">Ej.22</subfield>
    <subfield code="w">2024-11-28</subfield>
    <subfield code="y">BK</subfield>
    <subfield code="z">Compra FaCiMed Noviembre 2024. Sede Tordos.</subfield>
    <subfield code="f"></subfield>
  </datafield>
</record>
